Philip Seymour Hoffman Movies Quiz Stats

 Plays Quiz Updated Dec 18, 2019

Support Sporcle.
Go Orange.
Score 0/51 Timer 10:00
1 Play Today
Year Movie % Correct
2005Capote
81.8%
2015The Hunger Games: Mockingjay - Part 2
67.4%
2008Doubt
67%
2013The Hunger Games: Catching Fire
66.8%
2014The Hunger Games: Mockingjay - Part 1
63.3%
2012The Master
52.7%
1997Boogie Nights
50.5%
2004Along Came Polly
43.7%
2006Mission: Impossible III
42.5%
2000Almost Famous
41.6%
2007Charlie Wilson's War
40.5%
1998The Big Lebowski
36.5%
1999Magnolia
36.4%
2007The Savages
31.2%
1996Twister
29%
1992Scent of a Woman
27.9%
1999The Talented Mr. Ripley
26.3%
2014A Most Wanted Man
25.7%
2007Before the Devil Knows You're Dead
24.8%
2002Punch-Drunk Love
23.7%
2002Red Dragon
23.1%
2008Synecdoche, New York
21.9%
2009Pirate Radio
20.1%
2011Moneyball
18.3%
1996Sydney
17.5%
1998Patch Adams
17%
Year Movie % Correct
1998Happiness
16.2%
200225th Hour
15.5%
2014God's Pocket
15.4%
2003Owning Mahowny
14.3%
2003Cold Mountain
13.2%
1999Flawless
11.5%
2012A Late Quartet
10.5%
2002Love Liza
10.4%
2011The Ides of March
10.1%
2009The Invention of Lying
9.8%
2009Mary and Max
9.3%
2010Jack Goes Boating
9.1%
2000State and Main
8.6%
1994Nobody's Fool
6.9%
1993My Boyfriend's Back
4.6%
1992Leap of Faith
4.6%
1994When a Man Loves a Woman
4.4%
2005Strangers with Candy
4.3%
1994The Getaway
4.2%
1998Next Stop Wonderland
4%
1998Montana
3.6%
1991Triple Bogey on a Par Five Hole
3.5%
1992My New Gun
3.4%
1993Money for Nothing
3.2%
1993Joey Breaker
2.8%

From the Vault

British Cities by Picture

by eyes355

This quiz may be the answer to the universal question of "Where can I find some decent fish and chips?"
Remove Ads.
Support Sporcle.
Get the best of Sporcle when you Go Orange. This ad-free experience offers more features, more stats, and more fun while also helping to support Sporcle. Thank you for becoming a member.

Show Comments

Extras

Top Quizzes Today


Score Distribution

Your Account Isn't Verified!

In order to create a playlist on Sporcle, you need to verify the email address you used during registration. Go to your Sporcle Settings to finish the process.

Report this User

Report this user for behavior that violates our Community Guidelines.

Details: